000 00341nam a22001457a 4500
003 OSt
020 _aNA
040 _c0
082 _222
_a620.00420285
100 _aNA
245 _aAuto CAD 2010 reference guide-1 /
260 _bCADD center Training Services Pvt Ltd,
_cc 2009.
300 _aVi, 344p, ;
_bNA
_c24 cm
942 _2ddc
_cCIVIL
_02
999 _c4747
_d4747